Fundamentals of pharmacognosy and phytotherapy / (Record no. 358870)
[ view plain ]
| 000 -LEADER | |
|---|---|
| fixed length control field | 00560nam a2200157Ia 4500 |
| 008 - FIXED-LENGTH DATA ELEMENTS--GENERAL INFORMATION | |
| fixed length control field | 180925s9999 xx 000 0 und d |
| 020 ## - INTERNATIONAL STANDARD BOOK NUMBER | |
| International Standard Book Number | 9780702070082 |
| 100 ## - MAIN ENTRY--PERSONAL NAME | |
| Personal name | Heinrich, Michael. |
| 245 ## - TITLE STATEMENT | |
| Statement of responsibility, etc | Michael Heinrich, Joanne Barnes, José M. Prieto Garcia , Simon Gibbons, Elizabeth M. Williamson.-- |
| Title | Fundamentals of pharmacognosy and phytotherapy / |
| 250 ## - EDITION STATEMENT | |
| Edition statement | 3rd ed |
| 260 ## - PUBLICATION, DISTRIBUTION, ETC. (IMPRINT) | |
| Place of publication, distribution, etc | USA : |
| Name of publisher, distributor, etc | Elsevier |
| Date of publication, distribution, etc | 2018 |
| 300 ## - PHYSICAL DESCRIPTION | |
| Extent | xvi, 359 pages. |
| 500 ## - GENERAL NOTE | |
| General note | Inlcudes bibliographical reference and indexes. |
| 650 ## - SUBJECT ADDED ENTRY--TOPICAL TERM | |
| Topical term or geographic name as entry element | Pharmacognosy. |
| 650 ## - SUBJECT ADDED ENTRY--TOPICAL TERM | |
| Topical term or geographic name as entry element | Phytotheraphy. |
| Withdrawn status | Lost status | Source of classification or shelving scheme | Damaged status | Home library | Current library | Shelving location | Date acquired | Source of acquisition | Total Checkouts | Full call number | Barcode | Date last seen | Price effective from | Koha item type |
|---|---|---|---|---|---|---|---|---|---|---|---|---|---|---|
| Library of Congress Classification | South SEED-LPDH College Library | South SEED-LPDH College Library | South SEED-LPDH College Section | 09/25/2018 | Library Fund | RS 160 .H46 2018 | SSLC1812 | 09/25/2018 | 09/25/2018 | Books |